000 00728nam a2200217 a 4500
001 000023407
005 20200930022210.0
008 101206s1986 txu 000 0 spa d
020 _a0311461069
040 _aDO-SdBNP
_bspa
_cBNPHU
082 _a242
_bP154g
100 1 _aPalau, Luis,
_d1934-
_948223
245 1 0 _aGrito de victoria! /
_cLuis Palau.
260 _aEl Paso, Texas :
_bCasa Bautista de Publicaciones ;
_bDistribucion, Estados Unidos, Broadman,
_c1986.
300 _a138 p. ;
_c19 cm.
490 1 _aCasa Bautista de Publicaciones
_v46106
650 4 _aEntremes (literatura)
_939848
650 4 _aLiteratura cristiana argentina
_948224
830 0 _aCasa Bautista de Publicaciones ;
_v46106
_934391
049 _aBNGR
999 _c22904
_d22904